| 000 | 00381nam a2200157Ia 4500 | ||
|---|---|---|---|
| 008 | 210716s2011 xx 000 0 und d | ||
| 020 | _a9788126531837 | ||
| 041 | _aeng | ||
| 082 | _a150 SANC | ||
| 100 | _aSanderson, Catherine A. | ||
| 245 | _aSocial psychology. | ||
| 250 | _a1 | ||
| 260 |
_aNew Delhi _bWiley India Pvt Ltd _c2011 |
||
| 300 | _axl,590 | ||
| 650 | _aPsychology | ||
| 999 |
_c206817 _d206817 |
||